000 00513ntaaa2200193 4500
003 01
005 20251027201804.0
008 0714s1973 ag 01
040 _aAR-BaBN
_bspa
_cAR-BaBN
_eaacr
_dRIC
082 _a241.6800 C94a
100 _aCurtis, Lindsay R.
245 _aAlcohol en su sangre y en su cerebro
250 _a1 ed.
260 _aEl Paso :
_bCasa Bautista de Publicaciones,
_c1976
300 _a30 p
650 _aalcoholismo
_91911
650 _avida cristiana-abstinencia
_916311
942 _cBK
999 _c12524
_d12524